MARC

LEADER 00000nam0a2200000 4500
001 294235
005 20231102000657.0
020 |a RU  |b 84-25285 
035 |a (RuTPU)RU\TPU\book\319290 
090 |a 294235 
100 |a 20150512d1983 k y0rusy5003 ca 
101 0 |a rus 
102 |a RU 
105 |a a z 001zy 
200 1 |a Геофизические основы контроля напряжений в горных породах  |e сборник научных трудов  |f Академия наук СССР (АН СССР), Сибирское отделение (СО), Институт горного дела (ИГД) ; под ред. М. В. Курлени 
210 |a Новосибирск  |c Изд-во ИГД  |d 1983 
215 |a 91 с.  |c ил. 
320 |a Библиогр. в конце ст. 
606 1 |a Горное давление  |x Геофизические исследования  |2 stltpush  |3 (RuTPU)RU\TPU\subj\7557  |9 35166 
610 1 |a горные породы 
610 1 |a напряжения 
610 1 |a контроль 
610 1 |a электрометрические методы 
610 1 |a электромагнитные методы 
610 1 |a сейсмические методы 
610 1 |a радиометрические методы 
610 1 |a применение 
675 |a 622.831.1  |v 3 
702 1 |a Курленя  |b М. В.  |g Михаил Владимирович  |4 340 
712 0 2 |a Академия наук СССР (АН СССР)  |b Сибирское отделение (СО)  |b Институт горного дела (ИГД)  |c (Новосибирск)  |2 stltpush  |3 (RuTPU)RU\TPU\col\11352 
801 0 |a RU  |b RuMRKP  |c 19950704  |g psbo 
801 1 |a RU  |b 63413507  |c 20150512 
801 2 |a RU  |b 63413507  |c 20190306  |g RCR 
942 |c BK